000
00300nam a2200109Ia 4500
999
_c
9773
_d
9773
008
220112s9999||||xx |||||||||||||| ||und||
020
_a
9789352697243
100
_a
Sharma, Manoj
245
0
_a
Architecture and Tourism: Perceptions, Performance and Place
260
_b
Random Publications
942
_2
ddc